| 000 | 00951nam a22002057a 4500 | ||
|---|---|---|---|
| 999 |
_c1283 _d1283 |
||
| 003 | AR-CdUCM | ||
| 008 | 190226b ||||| |||| 00| 0 spa d | ||
| 040 |
_aMUNICIPALIDAD PROVINCIAL DEL CUSCO _cBIBLIOTECA MUNICIPAL DEL CUSCO |
||
| 082 |
_a335.43 / _bL45 |
||
| 100 |
_aLenin, V. I. _94963 |
||
| 245 | _aAcerca de la juventud / | ||
| 260 |
_aMoscú : _bEdit. Progreso; _c1976. |
||
| 300 |
_a311 paginas ; _c21 cm. |
||
| 505 | _aLa situación de la infancia y de la juventud en el capitalismo -- El movimiento revolucionario entre la juventud estudiantil en la Rusia Zarista -- La participación de la juventud obrera y campesina en la lucha revolucionara y la educación revolucionaria de la juventud -- La participación de la juventud en la educación del socialismo y la formación del hombre nuevo ... | ||
| 650 |
_aComunismo _9495 |
||
| 650 |
_aJuventud _94964 |
||
| 650 |
_aLeninismo _9845 |
||
| 942 |
_2ddc _cLIBROS |
||
| 945 |
_arum _d2019-02-26 |
||